An introduction to the pronunciation of english

Gorde:
Xehetasun bibliografikoak
Egile nagusia: Gimson, A. C (Egilea)
Formatua: Liburua
Hizkuntza:ingelesa
Argitaratua: Londres Edward Arnold 1962
Gaiak:
Etiketak: Etiketa erantsi
Etiketarik gabe, Izan zaitez lehena erregistro honi etiketa jartzen!

MARC

LEADER 00000nam a2200000 a 4500
001 UCI4832
003 CL-VaPUC
008 080307e19620000UK |||||||||||||||||eng|d
082 0 4 |a 421.5  |b GIM  |2 21 
100 |a Gimson, A. C  |e author  |9 526883 
245 1 3 |a An introduction to the pronunciation of english 
300 |a 294 p 
942 |c BK 
945 |d 20080307 00:00:00  |a rbrito 
260 |a Londres  |b Edward Arnold  |c 1962 
500 |a Donación padres capuchinos 
650 7 |a INGLES GRAMATICA  |2 CL-VaPUC  |9 313180 
650 0 |a Fonética  |9 308371 
650 0 |a Enseñanza del inglés  |9 367340 
650 0 |a Enseñanza de idiomas  |9 339820 
650 7 |a PRONUNCIACION  |2 CL-VaPUC  |9 371723 
583 |a last modification  |c 20080307 00:00:00  |k Rodrigo Vera 
999 |c 328679  |d 328677 
952 |0 0  |1 0  |4 0  |6 421_500000000000000_GIM_1962  |7 0  |8 A  |9 412750  |a FDOPOS  |b FDOPOS  |d 2019-11-22  |i 4410467  |o 421.5 GIM 1962  |p 4410467  |r 2025-01-22  |w 2019-11-22  |y BK  |k MLA